000 00826nam a2200217 4500
001 161224
003 ES-MaACL
005 20250809062541.0
008 950306s1843 sp |||| | spa d
080 _a34(07)
100 1 _aPacheco, Joaquín Francisco,
_d1808-1865
_988121
245 1 0 _aEstudios de lejislación [sic] y de jurisprudencia /
_cpor Joaquín Francisco Pacheco.
260 _aMadrid :
_b[s.n.],
_c1843 (
_fImp. de la Viuda de Jordán e Hijos)
300 _aVI, 285 p. ;
_c23 cm.
530 _aDisponible en formato digital.
650 0 7 _aDerecho
_2embne
_911602
740 0 2 _aEstudios de legislación y de jurisprudencia.
852 _aES-MaACL
_jE-13132
_z- Enc. hol.
856 _uhttp://bdh-rd.bne.es/viewer.vm?id=0000038734&page=1
_zBiblioteca Digital Hispánica
999 _c161224
_d161224